INTEGRANTES 4GB - Estadísticas

Estadísticas generales
  • Esta prueba ha sido intentada 28 veces
  • La puntuación promedio es 26 de 32
Estadísticas de respuestas
Hint Respuesta % Correcto
1 Nicolas Ostrower
100%
14 Ary Lubenfeld
92%
8 Dalit Mutal
92%
6 Gonzalo Eddi
92%
9 Lucas Zelener
92%
20 Manuel Karner
92%
22 Manuel Shama
92%
5 Micaela Grinberg
92%
19 Micaela Sykuler
92%
21 Nicolas Attas
92%
24 Nicolas Salmun
92%
28 Valentino Ancarola
92%
4 Agustina Mazur
85%
30 Agustina Snaider
85%
10 Julian Canan
85%
2 Julieta Machabanski
85%
15 Matias Wain
85%
32 Matias Wain
85%
13 Santiago Bodetto
85%
17 Santino Carmona
85%
12 Sol Ratinoff
85%
23 Tomas Fleisman
85%
7 Agustin Sandel
77%
3 Luana Sarfatis
77%
11 Tomas Merbaum
77%
16 Facundo Elissetche
69%
29 Lola Sujoy
69%
26 Valentina Chamma
69%
18 Joaquin Gnaciszyn
62%
25 Micaela Wagner
62%
27 Lucia Blajman
54%
31 Tomas Rabinovitz
54%
No se encontraron pruebas coincidentes
Distribución de puntuación
Porcentaje de gente con cada puntuación
Porcentaje por número respondido
Historial de tus puntuaciones
No has intentado esta prueba.